| 000 | 00487cam a22002052a 4500 | ||
|---|---|---|---|
| 001 | 014732 | ||
| 003 | AR-FADEU | ||
| 008 | 311216n1993####xxu####################dd | ||
| 020 | _a84-7577-333-8 | ||
| 092 |
_a658.1 _bL433 |
||
| 100 | _aLea, James W. | ||
| 245 | _aLa sucesión del management en la empresa familiar | ||
| 260 | _aBuenos Aires | ||
| 260 | _bGranica | ||
| 260 | _c1993 | ||
| 300 | _a278 p. | ||
| 440 | _aManagement | ||
| 650 | _aEMPRESA FAMILIAR | ||
| 942 | _cBDGR | ||
| 999 |
_c20492 _d20492 |
||